Capitals of North America by Clicking - Statistics

General Stats
  • This quiz has been taken 119 times
  • The average score is 16 of 23
Answer Stats
Hint Answer % Correct
Mexico Mexico City
88%
Cuba Havana
86%
Canada Ottawa
86%
El Salvador San Salvador
86%
USA Washington D.C.
86%
Guatemala Guatemala City
84%
Panama Panama City
84%
Bahamas Nassau
80%
Haiti Port Au Prince
80%
Jamaica Kingston
76%
Costa Rica San Jose
75%
Nicaragua Managua
73%
Dominican Republic Santo Domingo
73%
Honduras Tegucigalpa
71%
Belize Belmopan
69%
Trinidad and Tobago Port Of Spain
65%
St Lucia Castries
55%
Dominica Roseau
55%
Barbados Bridgetown
53%
Antigua and Barbuda St John's
51%
Grenada St George's
47%
St Vincent and the Grenadines Kingstown
43%
St Kitts and Nevis Basseterre
37%
No matching quizzes found
Score Distribution
Percent of People with Each Score
Percentile by Number Answered
Your Score History
You have not taken this quiz